| 000 | 01512nam1a2200277 i 4500 | ||
|---|---|---|---|
| 001 | RU\NLR\BIBL_A\010460910 | ||
| 005 | 20240921223247.0 | ||
| 035 | _a(NLR Aleph) 010460910 | ||
| 090 |
_a9975731 _c9975731 |
||
| 100 | _a20131106g20119999u y0rusy50 ca | ||
| 101 | 0 | _arus | |
| 102 | _aRU | ||
| 105 | _a||||j ||||| | ||
| 200 | 1 |
_aБезопасность транспортных средств _eучебное пособие _e[для студентов специальностей 190701 и 190702 очной формы обучения] _fК.В. Глемба, А.В. Келлер, О.Н. Ларин, Ю.И. Аверьянов _gМ-во образования и науки Рос. Федерации, Юж.-Урал. гос. ун-т, Каф. "Эксплуатация автомоб. трансп." |
|
| 210 |
_aЧелябинск _cИзд-во ЮУрГУ _d2011 |
||
| 215 | _d21 | ||
| 606 | 1 |
_aТранспорт _jУчебные издания для высших учебных заведений _xБезопасность движения _92237630 _3RU\NLR\AUTH\661342821 |
|
| 686 | 1 | _aО12-082.03я73-1 | |
| 701 | 1 |
_aГлемба _bК. В. _gКонстантин Вячеславович |
|
| 701 | 1 |
_aКеллер _bА.В. _gАндрей Владимирович |
|
| 701 | 1 |
_aЛарин _bО.Н. _gОлег Николаевич |
|
| 701 | 1 |
_aАверьянов _bЮ.И. _gЮрий Иванович |
|
| 852 |
_aNLR _j2013-3/32933 |
||
| 942 | _cBOOK | ||